000 00344nam a2200157Ia 4500
001 6423
003 Ost
005 20260507154932.0
008 251113s9999||||xx |||||||||||||| ||eng||
040 _cnitttr
041 _aeng
082 _a620.106
_bM131F
100 _aNagaratnam, S.
245 0 _aFluid Mechanics /
_cNagaratnam, S.
942 _cBK
999 _c6318
_d6318